Bárdos Pál Négyszáz forint /
Elmentve itt :
| Szerző: | |
|---|---|
| Dokumentumtípus: | Cikk |
| Megjelent: |
1971-08-08
|
| Sorozat: | Délmagyarország
61 No. 186 |
| Kulcsszavak: | Bárdos Pál |
| Online Access: | http://dmarchiv.bibl.u-szeged.hu/91729 |
| LEADER | 00455nab a2200157 i 4500 | ||
|---|---|---|---|
| 001 | delm91729 | ||
| 005 | 20190415080826.0 | ||
| 008 | 190415s1971 hu o 0|| hun d | ||
| 040 | |a SZTE Délmagyarország Archívum |b hun | ||
| 041 | |a hun | ||
| 100 | 1 | |a Ökrös László | |
| 245 | 1 | 0 | |a Bárdos Pál |h [elektronikus dokumentum] : |b Négyszáz forint / |c Ökrös László |
| 260 | |c 1971-08-08 | ||
| 300 | |a 7 | ||
| 490 | 0 | |a Délmagyarország |v 61 No. 186 | |
| 695 | |a Bárdos Pál | ||